| 000 | 00607nam a22002057a 4500 | ||
|---|---|---|---|
| 999 |
_c353418 _d353418 |
||
| 003 | OSt | ||
| 005 | 20180116192406.0 | ||
| 008 | 110825t 2010xxu||||| |||| 00| 0 eng d | ||
| 020 | _a9789089440686 | ||
| 040 | _c0 | ||
| 082 | _a729.28 | ||
| 245 | 0 | 0 | _aLight in architecture. |
| 260 |
_aSerge Brison : _bBeta-Plus Publishing; _c2010. |
||
| 300 |
_a200 p. : _bill. ; _c30 cm. |
||
| 650 |
_aLight in architecture _996 |
||
| 650 |
_aLighting _xarchitectural design _997 |
||
| 650 |
_aLighting, Architectural and decorative _998 |
||
| 942 |
_2ddc _cBK |
||